00000000nam 2200000za 4500
0019.852637
003CaOODSP
00520221107154631
007cr |||||||||||
008180228s2018    onca    o    f000 0 eng d
020 |a9780660254715
040 |aCaOODSP|beng
043 |an-cn-nu
0861 |aFA3-136/2018E-PDF
1101 |aCanada. |bOffice of the Auditor General.
24510|aReport of the Auditor General of Canada to the Legislative Assembly of Nunavut – 2018 |h[electronic resource] : |bclimate change in Nunavut : independent auditor’s report.
24630|aClimate change in Nunavut : |bindependent auditor’s report
260 |a[Ottawa] : |bOffice of the Auditor General of Canada, |c2018.
300 |av, 31 p. : |bcol ill.
500 |aIssued also in French under title: Rapport du vérificateur général du Canada à l’Assemblée législative du Nunavut – 2018 : les changements climatiques au Nunavut : rapport de l’auditeur indépendant.
520 |a"This audit focused on whether selected Government of Nunavut organizations took measures to prepare for and adapt to the impacts of climate change on Nunavut and took measures to reduce greenhouse gas emissions in Nunavut. This audit is important because climate change is affecting the daily life, traditional activities, and infrastructure in Nunavut. The government needs to know what it has to do to help the people of Nunavut adapt and make the territory resilient to the impacts of climate change. Increasing energy efficiency and using more renewable energy help reduce greenhouse gas emissions and the territory’s dependence on fossil fuels"--Focus of the audit. p. 3.
530 |aIssued also in print format.
693 4|aClimate change mitigation
693 4|aGreenhouse gas mitigation
693 4|aNunavut
693 4|aAudit
77508|tRapport du vérificateur général du Canada à l’Assemblée législative du Nunavut – 2018 |w(CaOODSP)9.852639
77508|t[Report of the Auditor General of Canada to the Legislative Assembly of Nunavut – 2018 |w(CaOODSP)9.852641
7760#|tReport of the Auditor General of Canada to the Legislative Assembly of Nunavut : |w(CaOODSP)9.852638
85640|qPDF|s1.02 MB|uhttps://publications.gc.ca/collections/collection_2018/bvg-oag/FA3-136-2018-eng.pdf